[Event "43. Olimpiada Batumi 2018 Femenina"]
[Site "Batumi GEO"]
[Date "2018.09.24"]
[Round "1.1"]
[White "Stetsko, Lanita"]
[Black "Caruana Pulpan, Oana"]
[Result "1/2-1/2"]
[WhiteElo "2188"]
[BlackElo "1863"]
[PlyCount "70"]
[EventDate "2018.09.24"]
[EventType "team-swiss"]
[EventRounds "11"]
[EventCountry "GEO"]
[SourceTitle "Ajedrez en Madrid"]
[Source "lmi"]
[SourceDate "2018.09.24"]
[WhiteTeam "Belarus"]
[BlackTeam "Malta"]
[WhiteTeamCountry "BLR"]
[BlackTeamCountry "MLT"]

1. e4 c5 2. Nf3 Nc6 3. Bb5 g6 4. O-O Bg7 5. Re1 Nd4 6. Nxd4 cxd4 7. d3 a6 8.
Ba4 e5 9. f4 b5 10. Bb3 d6 11. Rf1 f6 12. Nd2 Nh6 13. Nf3 Qe7 14. a4 Rb8 15.
axb5 axb5 16. fxe5 dxe5 17. Bd2 Be6 18. Bxe6 Qxe6 19. Bb4 Ng4 20. Ra7 Ne3 21.
Qe1 Bf8 22. Bxf8 Rxf8 23. Rf2 Ng4 24. Re2 Rf7 25. Rxf7 Kxf7 26. h3 Nh6 27. Qa5
Qc6 28. Rf2 Kg7 29. Qb4 Nf7 30. Kh2 Rb6 31. Qb3 Qe6 32. Qb4 Qd6 33. Qb3 Qe6 34.
Qb4 Qd6 35. Qb3 Qe6 1/2-1/2

[Event "43. Olimpiada Batumi 2018 Femenina"]
[Site "Batumi GEO"]
[Date "2018.09.24"]
[Round "1.2"]
[White "Thornton, Filipina"]
[Black "Kusenkova, Natallia"]
[Result "0-1"]
[WhiteElo "1712"]
[BlackElo "2167"]
[PlyCount "95"]
[EventDate "2018.09.24"]
[EventType "team-swiss"]
[EventRounds "11"]
[EventCountry "GEO"]
[SourceTitle "Ajedrez en Madrid"]
[Source "lmi"]
[SourceDate "2018.09.24"]
[WhiteTeam "Malta"]
[BlackTeam "Belarus"]
[WhiteTeamCountry "MLT"]
[BlackTeamCountry "BLR"]

1. d4 Nf6 2. c4 e6 3. Nc3 d5 4. cxd5 exd5 5. Bg5 Be7 6. e3 c6 7. Bd3 Nbd7 8.
Nf3 O-O 9. Qc2 Re8 10. O-O Nf8 11. h3 g6 12. Ne5 N6d7 13. Bxe7 Qxe7 14. Nf3 Ne6
15. Rae1 Nb6 16. e4 dxe4 17. Nxe4 Nd5 18. Ng3 Bd7 19. Qd2 Rad8 20. Qh6 Qf8 21.
Qh4 Qg7 22. Ne5 Bc8 23. Ne4 Rf8 24. Bc4 Nec7 25. f4 f6 26. Nf3 Kh8 27. Nc3 Nb6
28. Bd3 Ncd5 29. Re2 Rfe8 30. Rfe1 Qf7 31. Nxd5 Nxd5 32. Bc4 Kg7 33. g4 Rxe2
34. Rxe2 Re8 35. g5 Rxe2 36. Bxe2 Qe6 37. gxf6+ Qxf6 38. Ng5 Qxd4+ 39. Kh1 h6
40. Nf3 Qf6 41. Qxf6+ Kxf6 42. Kg2 Nxf4+ 43. Kf2 Nxe2 44. Kxe2 Bxh3 45. Ke3 Be6
46. a3 Bd5 47. Nh2 h5 48. b4 0-1

[Event "43. Olimpiada Batumi 2018 Femenina"]
[Site "Batumi GEO"]
[Date "2018.09.24"]
[Round "1.3"]
[White "Ilyuchyk, Yana"]
[Black "Farrugia, Jamie"]
[Result "1-0"]
[WhiteElo "2114"]
[BlackElo "1582"]
[PlyCount "89"]
[EventDate "2018.09.24"]
[EventType "team-swiss"]
[EventRounds "11"]
[EventCountry "GEO"]
[SourceTitle "Ajedrez en Madrid"]
[Source "lmi"]
[SourceDate "2018.09.24"]
[WhiteTeam "Belarus"]
[BlackTeam "Malta"]
[WhiteTeamCountry "BLR"]
[BlackTeamCountry "MLT"]

1. e4 e5 2. Nf3 Nc6 3. Nc3 Nf6 4. d4 exd4 5. Nxd4 Bc5 6. Be3 d6 7. Nxc6 bxc6 8.
Bxc5 dxc5 9. Qxd8+ Kxd8 10. O-O-O+ Ke7 11. Na4 Nd7 12. Be2 Re8 13. Bg4 Nb6 14.
Bxc8 Nxa4 15. Bd7 Rab8 16. Bxe8 Kxe8 17. b3 Nc3 18. Rd2 Nxa2+ 19. Kb2 Nb4 20.
Ra1 c4 21. Rxa7 cxb3 22. cxb3 Rd8 23. Rxd8+ Kxd8 24. Kc3 c5 25. Kc4 Kd7 26. Ra8
h5 27. Ra5 g6 28. Rxc5 Nc6 29. Rd5+ Ke7 30. Kc5 Nd8 31. b4 Ke8 32. g3 Ke7 33.
f4 f6 34. Rxd8 Kxd8 35. Kc6 Kc8 36. e5 f5 37. b5 Kd8 38. e6 g5 39. fxg5 h4 40.
g6 hxg3 41. hxg3 f4 42. gxf4 Kc8 43. e7 Kb8 44. e8=Q+ Ka7 45. b6+ 1-0

[Event "43. Olimpiada Batumi 2018 Femenina"]
[Site "Batumi GEO"]
[Date "2018.09.24"]
[Round "1.4"]
[White "Stagno, Milena"]
[Black "Kaliadzich, Maryia"]
[Result "0-1"]
[WhiteElo "1388"]
[BlackElo "2040"]
[PlyCount "54"]
[EventDate "2018.09.24"]
[EventType "team-swiss"]
[EventRounds "11"]
[EventCountry "GEO"]
[SourceTitle "Ajedrez en Madrid"]
[Source "lmi"]
[SourceDate "2018.09.24"]
[WhiteTeam "Malta"]
[BlackTeam "Belarus"]
[WhiteTeamCountry "MLT"]
[BlackTeamCountry "BLR"]

1. e4 c6 2. d4 d5 3. exd5 cxd5 4. c4 Nf6 5. Nc3 e6 6. Nf3 Be7 7. cxd5 Nxd5 8.
Bc4 Nxc3 9. bxc3 O-O 10. O-O Qc7 11. Qd3 Nd7 12. Be3 Nf6 13. h3 b6 14. Rac1 Bb7
15. Ne5 Ba3 16. Rb1 Be4 17. Qe2 Bxb1 18. Rxb1 Nd5 19. Rb3 Bd6 20. Bxd5 exd5 21.
Bf4 f6 22. Ng6 Bxf4 23. Nxf8 Rxf8 24. Qe6+ Qf7 25. Qf5 Bb8 26. Rb5 Re8 27. Rxd5
Re1# 0-1

[Event "43. Olimpiada Batumi 2018 Femenina"]
[Site "Batumi GEO"]
[Date "2018.09.24"]
[Round "1.1"]
[White "Mena, Ailen Oriana"]
[Black "Paredes Bustamante, Paula Elizab"]
[Result "0-1"]
[WhiteElo "1884"]
[BlackElo "2151"]
[PlyCount "76"]
[EventDate "2018.09.24"]
[EventType "team-swiss"]
[EventRounds "11"]
[EventCountry "GEO"]
[SourceTitle "Ajedrez en Madrid"]
[Source "lmi"]
[SourceDate "2018.09.24"]
[WhiteTeam "Netherlands Antilles"]
[BlackTeam "Peru"]
[WhiteTeamCountry "AHO"]
[BlackTeamCountry "PER"]

1. e4 c5 2. c3 Nf6 3. e5 Nd5 4. d4 cxd4 5. Nf3 e6 6. cxd4 d6 7. Bc4 Nb6 8. Bd3
Nc6 9. Nc3 Nb4 10. Be4 dxe5 11. dxe5 N4d5 12. Bd2 Bb4 13. Nxd5 Bxd2+ 14. Qxd2
exd5 15. Rd1 Be6 16. Bd3 Qe7 17. Qf4 O-O 18. O-O Rac8 19. Rfe1 Nc4 20. Qd4 Qc5
21. Qh4 h6 22. Rc1 Qa5 23. b3 Nd2 24. Qf4 Nxf3+ 25. Qxf3 Qxa2 26. Ra1 Qd2 27.
Qe3 Qxe3 28. Rxe3 d4 29. Re4 Rfd8 30. Ree1 Rc3 31. Be4 d3 32. Red1 Bxb3 33. Rd2
a5 34. Bxb7 Rc2 35. Rad1 a4 36. Bf3 Rxd2 37. Rxd2 a3 38. Be4 a2 0-1

[Event "43. Olimpiada Batumi 2018 Femenina"]
[Site "Batumi GEO"]
[Date "2018.09.24"]
[Round "1.2"]
[White "Zarate Oyague, Flor De Maria"]
[Black "Sanchez, Mariana"]
[Result "1-0"]
[WhiteElo "2039"]
[BlackElo "1505"]
[PlyCount "55"]
[EventDate "2018.09.24"]
[EventType "team-swiss"]
[EventRounds "11"]
[EventCountry "GEO"]
[SourceTitle "Ajedrez en Madrid"]
[Source "lmi"]
[SourceDate "2018.09.24"]
[WhiteTeam "Peru"]
[BlackTeam "Netherlands Antilles"]
[WhiteTeamCountry "PER"]
[BlackTeamCountry "AHO"]

1. d4 d5 2. c4 e6 3. Nc3 Nf6 4. Bg5 Bb4 5. Nf3 h6 6. Bh4 g5 7. Bg3 Ne4 8. Qc2
c6 9. Nd2 Nxd2 10. Qxd2 dxc4 11. e4 b5 12. Be2 O-O 13. h4 f6 14. hxg5 hxg5 15.
Rh5 Be7 16. O-O-O Kg7 17. Rdh1 Rg8 18. f4 Kf8 19. fxg5 fxg5 20. Rh7 Rg7 21.
Rh8+ Rg8 22. Rf1+ Bf6 23. Rh6 Nd7 24. e5 Kg7 25. Rhxf6 Nxf6 26. exf6+ Kf8 27.
Ne4 Qe8 28. Bd6+ 1-0

[Event "43. Olimpiada Batumi 2018 Femenina"]
[Site "Batumi GEO"]
[Date "2018.09.24"]
[Round "1.3"]
[White "Salim-Moussa, Arzy Zahia"]
[Black "Chumpitaz, Ann"]
[Result "0-1"]
[WhiteElo "1357"]
[BlackElo "2222"]
[PlyCount "58"]
[EventDate "2018.09.24"]
[EventType "team-swiss"]
[EventRounds "11"]
[EventCountry "GEO"]
[SourceTitle "Ajedrez en Madrid"]
[Source "lmi"]
[SourceDate "2018.09.24"]
[WhiteTeam "Netherlands Antilles"]
[BlackTeam "Peru"]
[WhiteTeamCountry "AHO"]
[BlackTeamCountry "PER"]

1. e4 c5 2. Nc3 e6 3. d3 d5 4. exd5 exd5 5. d4 Nf6 6. Bg5 Be6 7. Nf3 Be7 8. Be2
O-O 9. O-O h6 10. Bxf6 Bxf6 11. h3 Qa5 12. a4 Nc6 13. dxc5 Qxc5 14. Ra3 Na5 15.
Re1 Rad8 16. Qc1 Qb4 17. Na2 Qxb2 18. Qxb2 Bxb2 19. Rd3 Rc8 20. c3 d4 21. Nc1
Bxc3 22. Red1 Bc4 23. Rxd4 Bxd4 24. Rxd4 Rfd8 25. Rxd8+ Rxd8 26. Kh2 Bxe2 27.
Nxe2 Rd3 28. Ned4 a6 29. Nf5 Nc4 0-1

[Event "43. Olimpiada Batumi 2018 Femenina"]
[Site "Batumi GEO"]
[Date "2018.09.24"]
[Round "1.4"]
[White "Caballero Quijano, Mitzy Mishell"]
[Black "Marcos, Taqesyah"]
[Result "1-0"]
[WhiteElo "2034"]
[BlackElo "1583"]
[PlyCount "45"]
[EventDate "2018.09.24"]
[EventType "team-swiss"]
[EventRounds "11"]
[EventCountry "GEO"]
[SourceTitle "Ajedrez en Madrid"]
[Source "lmi"]
[SourceDate "2018.09.24"]
[WhiteTeam "Peru"]
[BlackTeam "Netherlands Antilles"]
[WhiteTeamCountry "PER"]
[BlackTeamCountry "AHO"]

1. d4 d5 2. Nf3 Nf6 3. c4 e6 4. g3 Nc6 5. Bg2 b6 6. cxd5 Qxd5 7. O-O Qd7 8. Ne5
Nxe5 9. Bxa8 Nc6 10. e3 Ba6 11. Qf3 Nd8 12. Rd1 c6 13. d5 exd5 14. e4 Nxe4 15.
Nc3 Nxc3 16. Qxc3 Qc8 17. Re1+ Kd7 18. Qe5 Qxa8 19. Qf5+ Ne6 20. Qxf7+ Kd8 21.
Rxe6 Bc5 22. Bg5+ Kc8 23. Rae1 1-0

[Event "43. Olimpiada Batumi 2018 Femenina"]
[Site "Batumi GEO"]
[Date "2018.09.24"]
[Round "1.1"]
[White "Newrkla, Katharina"]
[Black "Charinda, Kudzanayi"]
[Result "1-0"]
[WhiteElo "2204"]
[BlackElo "1718"]
[PlyCount "135"]
[EventDate "2018.09.24"]
[EventType "team-swiss"]
[EventRounds "11"]
[EventCountry "GEO"]
[SourceTitle "Ajedrez en Madrid"]
[Source "lmi"]
[SourceDate "2018.09.24"]
[WhiteTeam "Austria"]
[BlackTeam "Zimbabwe"]
[WhiteTeamCountry "AUT"]
[BlackTeamCountry "ZIM"]

1. e4 c5 2. Nf3 d6 3. Bb5+ Bd7 4. Bxd7+ Nxd7 5. O-O Ngf6 6. Re1 e6 7. d4 cxd4
8. Nxd4 a6 9. c4 Be7 10. b3 O-O 11. Nc3 Rc8 12. Bb2 Qc7 13. Rc1 Rfe8 14. Qd2
Ne5 15. h3 Ng6 16. Red1 Qc5 17. Nde2 Red8 18. Ng3 Nd7 19. Na4 Qg5 20. Qxg5 Bxg5
21. Rb1 Nc5 22. Nxc5 dxc5 23. Ne2 Nf4 24. Nxf4 Bxf4 25. Kf1 Bg5 26. Ke2 Rxd1
27. Rxd1 Rd8 28. Rd3 Rxd3 29. Kxd3 Kf8 30. a4 Bd8 31. Ba3 b6 32. a5 Ke8 33.
axb6 Bxb6 34. Bb2 g6 35. g4 Kd7 36. e5 Bd8 37. Ke4 Bh4 38. f4 Bd8 39. Bc3 Bc7
40. Bd2 Bd8 41. Be3 Kc6 42. f5 g5 43. f6 h6 44. h4 gxh4 45. Bxh6 Ba5 46. g5 Bd8
47. g6 fxg6 48. f7 Be7 49. f8=Q Bxf8 50. Bxf8 h3 51. Kf3 g5 52. Kg3 g4 53. Bh6
Kb6 54. Be3 a5 55. Bg1 a4 56. bxa4 Ka5 57. Bxc5 Kxa4 58. Bg1 Kb4 59. c5 Kb5 60.
Kxg4 h2 61. Bxh2 Kxc5 62. Kg5 Kc6 63. Kf6 Kd7 64. Kf7 Kd8 65. Kxe6 Ke8 66. Kf6
Kf8 67. e6 Ke8 68. e7 1-0

[Event "43. Olimpiada Batumi 2018 Femenina"]
[Site "Batumi GEO"]
[Date "2018.09.24"]
[Round "1.2"]
[White "Wakuruwarewa, Colletta"]
[Black "Teuschler, Barbara"]
[Result "0-1"]
[WhiteElo "1577"]
[BlackElo "2172"]
[PlyCount "66"]
[EventDate "2018.09.24"]
[EventType "team-swiss"]
[EventRounds "11"]
[EventCountry "GEO"]
[SourceTitle "Ajedrez en Madrid"]
[Source "lmi"]
[SourceDate "2018.09.24"]
[WhiteTeam "Zimbabwe"]
[BlackTeam "Austria"]
[WhiteTeamCountry "ZIM"]
[BlackTeamCountry "AUT"]

1. e4 e5 2. Nf3 d6 3. Nc3 Nf6 4. Be2 Be7 5. O-O O-O 6. d4 exd4 7. Nxd4 Re8 8.
Re1 Bf8 9. Bd3 c6 10. h3 Nbd7 11. Nf3 b5 12. e5 dxe5 13. Nxe5 Nxe5 14. Rxe5 Be6
15. Bg5 Be7 16. Qf3 Qd4 17. Rae1 Rac8 18. Bxf6 Bxf6 19. Rh5 g6 20. Ne4 Bg7 21.
c3 Qd8 22. Rg5 Bd5 23. Qg3 f5 24. f3 fxe4 25. fxe4 Bf7 26. h4 Rc7 27. h5 Rd7
28. hxg6 Bxg6 29. Bb1 Rd1 30. Bc2 Rxe1+ 31. Kh2 R1xe4 32. Bxe4 Rxe4 33. Kh3 Qe8
0-1

[Event "43. Olimpiada Batumi 2018 Femenina"]
[Site "Batumi GEO"]
[Date "2018.09.24"]
[Round "1.3"]
[White "Froewis, Annika"]
[Black "Makwena, Christine"]
[Result "1-0"]
[WhiteElo "2113"]
[BlackElo "1626"]
[PlyCount "71"]
[EventDate "2018.09.24"]
[EventType "team-swiss"]
[EventRounds "11"]
[EventCountry "GEO"]
[SourceTitle "Ajedrez en Madrid"]
[Source "lmi"]
[SourceDate "2018.09.24"]
[WhiteTeam "Austria"]
[BlackTeam "Zimbabwe"]
[WhiteTeamCountry "AUT"]
[BlackTeamCountry "ZIM"]

1. e4 e6 2. d4 d5 3. exd5 exd5 4. c4 c6 5. Nc3 Nf6 6. Nf3 Bd6 7. cxd5 cxd5 8.
Bg5 Be6 9. Qb3 Be7 10. Qxb7 Nbd7 11. Bf4 O-O 12. Bc7 Qe8 13. Bb5 Bb4 14. O-O
Qe7 15. Bxd7 Qxd7 16. Ne5 Qc8 17. Qxb4 Qxc7 18. Na4 Rab8 19. Qa3 Rfc8 20. Nc5
Qb6 21. b3 a5 22. Rac1 Ra8 23. Nxe6 fxe6 24. Qe7 h6 25. h3 Kh7 26. Qf7 Qd6 27.
Qg6+ Kg8 28. Rce1 Rf8 29. Re3 Rac8 30. Rg3 Rc7 31. Qxh6 Ne4 32. Rg4 Qb6 33. Qh4
Nf6 34. Rg3 Ne4 35. Rd3 Rc2 36. Ng6 1-0

[Event "43. Olimpiada Batumi 2018 Femenina"]
[Site "Batumi GEO"]
[Date "2018.09.24"]
[Round "1.4"]
[White "Zengeni, Paidaishe"]
[Black "Trippold, Denise"]
[Result "0-1"]
[WhiteElo "1528"]
[BlackElo "2146"]
[PlyCount "94"]
[EventDate "2018.09.24"]
[EventType "team-swiss"]
[EventRounds "11"]
[EventCountry "GEO"]
[SourceTitle "Ajedrez en Madrid"]
[Source "lmi"]
[SourceDate "2018.09.24"]
[WhiteTeam "Zimbabwe"]
[BlackTeam "Austria"]
[WhiteTeamCountry "ZIM"]
[BlackTeamCountry "AUT"]

1. d4 d5 2. c4 e6 3. Nc3 c6 4. e4 dxe4 5. Nxe4 Bb4+ 6. Nc3 Nf6 7. a3 Bxc3+ 8.
bxc3 O-O 9. Nf3 c5 10. Bd3 h6 11. O-O cxd4 12. cxd4 Nc6 13. Bb2 b6 14. Bc2 Ba6
15. Qd3 Na5 16. Ne5 h5 17. d5 Re8 18. dxe6 Rxe6 19. Rfe1 Qxd3 20. Bxd3 Rae8 21.
Bc3 Nb3 22. Rad1 Nc5 23. Bf5 R6e7 24. Nc6 Rxe1+ 25. Rxe1 Rxe1+ 26. Bxe1 Bxc4
27. Nxa7 Nd5 28. Nc8 g6 29. Bc2 Bd3 30. Bd1 Ba6 31. Nd6 Nd3 32. Bd2 Ne5 33. Bb3
Ne7 34. Be3 b5 35. Bd1 Nd5 36. Bd4 Nc6 37. Bc5 Nc3 38. Bf3 Ne5 39. Ba8 Nd3 40.
Bd4 Ne2+ 41. Kf1 Nxd4 42. Be4 Nc5 43. Bd5 b4+ 44. Ke1 bxa3 45. Nxf7 Ndb3 46.
Ne5+ Kg7 47. Nd7 a2 0-1

[Event "43. Olimpiada Batumi 2018 Femenina"]
[Site "Batumi GEO"]
[Date "2018.09.24"]
[Round "1.1"]
[White "Figueroa, Julissa"]
[Black "Georgescu, Lena"]
[Result "0-1"]
[WhiteElo "1666"]
[BlackElo "2195"]
[PlyCount "102"]
[EventDate "2018.09.24"]
[EventType "team-swiss"]
[EventRounds "11"]
[EventCountry "GEO"]
[SourceTitle "Ajedrez en Madrid"]
[Source "lmi"]
[SourceDate "2018.09.24"]
[WhiteTeam "Barbados"]
[BlackTeam "Switzerland"]
[WhiteTeamCountry "BAR"]
[BlackTeamCountry "SUI"]

1. e4 c5 2. Nf3 d6 3. d4 cxd4 4. Nxd4 Nf6 5. Nc3 Nc6 6. Be2 e5 7. Nf3 h6 8. Nd2
Be7 9. Nc4 O-O 10. Ne3 Nd4 11. Bc4 Be6 12. O-O Rc8 13. Bxe6 fxe6 14. Ng4 Qe8
15. f4 Qg6 16. Nxf6+ Bxf6 17. Be3 a6 18. f5 exf5 19. Bxd4 exd4 20. exf5 Qf7 21.
Ne4 Be5 22. Rf2 d5 23. Ng3 Rfe8 24. Kh1 Bf6 25. Nh5 Bg5 26. Qg4 Re4 27. Qf3
Rce8 28. Rff1 Re3 29. Qd1 R8e4 30. Ng3 Rh4 31. Rf3 Qc7 32. Rxe3 Bxe3 33. Qf3
Qe5 34. Rf1 Bf4 35. Kg1 Kh7 36. Ne2 Be3+ 37. Rf2 Bxf2+ 38. Kxf2 Re4 39. Qd3 Re3
40. Qd2 Qxf5+ 41. Kg1 Qe4 42. Ng3 Qe5 43. Qf2 Re1+ 44. Nf1 Qe3 45. g3 Qxf2+ 46.
Kxf2 Rc1 47. Ke2 Rxc2+ 48. Kd3 Rxb2 49. Kxd4 Rxa2 50. Kxd5 Rf2 51. Ne3 Rxh2 0-1

[Event "43. Olimpiada Batumi 2018 Femenina"]
[Site "Batumi GEO"]
[Date "2018.09.24"]
[Round "1.2"]
[White "Heinatz, Gundula"]
[Black "Blackman, Katrina"]
[Result "1-0"]
[WhiteElo "2170"]
[BlackElo "1755"]
[PlyCount "109"]
[EventDate "2018.09.24"]
[EventType "team-swiss"]
[EventRounds "11"]
[EventCountry "GEO"]
[SourceTitle "Ajedrez en Madrid"]
[Source "lmi"]
[SourceDate "2018.09.24"]
[WhiteTeam "Switzerland"]
[BlackTeam "Barbados"]
[WhiteTeamCountry "SUI"]
[BlackTeamCountry "BAR"]

1. d4 e6 2. Nf3 f5 3. g3 Nf6 4. Bg2 d5 5. c4 c6 6. O-O Bd6 7. b3 Qe7 8. Ne5 O-O
9. Qc2 Bd7 10. a4 Be8 11. Nc3 Nbd7 12. f4 Ne4 13. a5 a6 14. Nxe4 fxe4 15. Bd2
Nf6 16. Rab1 Bh5 17. Bc3 Ng4 18. Nxg4 Bxg4 19. h3 Bf5 20. g4 Bg6 21. e3 Rf7 22.
b4 Raf8 23. Qe2 Qc7 24. Bd2 Rc8 25. b5 cxb5 26. cxd5 exd5 27. f5 Bxf5 28. gxf5
Qd7 29. Qg4 Rcf8 30. f6 Qxg4 31. hxg4 Rxf6 32. Rxf6 Rxf6 33. Rc1 Rg6 34. Rf1
Rf6 35. g5 Rxf1+ 36. Kxf1 Kf7 37. Bh3 Bc7 38. Bc8 b6 39. axb6 Bxb6 40. Bxa6 Kg6
41. Bxb5 Kxg5 42. Bc6 Kf5 43. Bxd5 h5 44. Bb7 Bc7 45. Bc8+ Kf6 46. Be1 g5 47.
Kg2 Bd6 48. Ba5 Kg6 49. Bd7 Ba3 50. Be8+ Kh6 51. Bc6 Bc1 52. Kf2 g4 53. Bc7 h4
54. Bf4+ Kh5 55. Be8# 1-0

[Event "43. Olimpiada Batumi 2018 Femenina"]
[Site "Batumi GEO"]
[Date "2018.09.24"]
[Round "1.3"]
[White "Greenidge, Vanessa"]
[Black "De Seroux, Camille"]
[Result "0-1"]
[WhiteElo "1492"]
[BlackElo "2175"]
[PlyCount "42"]
[EventDate "2018.09.24"]
[EventType "team-swiss"]
[EventRounds "11"]
[EventCountry "GEO"]
[SourceTitle "Ajedrez en Madrid"]
[Source "lmi"]
[SourceDate "2018.09.24"]
[WhiteTeam "Barbados"]
[BlackTeam "Switzerland"]
[WhiteTeamCountry "BAR"]
[BlackTeamCountry "SUI"]

1. d4 Nf6 2. c4 g6 3. Nc3 Bg7 4. g3 O-O 5. Bg2 d6 6. Nf3 Nbd7 7. O-O e5 8. d5
a5 9. b3 Nc5 10. h3 Re8 11. Re1 e4 12. Nd4 Qe7 13. Be3 Nfd7 14. Qd2 Ne5 15. a3
a4 16. Nxe4 Nxe4 17. Bxe4 axb3 18. Bd3 Bxh3 19. Qb4 Ng4 20. Nxb3 Nxe3 21. fxe3
Bxa1 0-1

[Event "43. Olimpiada Batumi 2018 Femenina"]
[Site "Batumi GEO"]
[Date "2018.09.24"]
[Round "1.4"]
[White "Stoeri, Laura"]
[Black "Cumberbatch, Gabriela"]
[Result "1-0"]
[WhiteElo "2118"]
[BlackElo "1402"]
[PlyCount "75"]
[EventDate "2018.09.24"]
[EventType "team-swiss"]
[EventRounds "11"]
[EventCountry "GEO"]
[SourceTitle "Ajedrez en Madrid"]
[Source "lmi"]
[SourceDate "2018.09.24"]
[WhiteTeam "Switzerland"]
[BlackTeam "Barbados"]
[WhiteTeamCountry "SUI"]
[BlackTeamCountry "BAR"]

1. e4 d5 2. exd5 Qxd5 3. Nc3 Qd6 4. d4 Nf6 5. Nf3 c6 6. h3 Bf5 7. Bc4 e6 8. Qe2
Nbd7 9. Be3 Be7 10. a3 Qc7 11. Bb3 h6 12. g4 Be4 13. Nxe4 Nxe4 14. Qd3 Ndf6 15.
O-O-O O-O-O 16. Qe2 Qa5 17. Qe1 Bb4 18. c3 Nxc3 19. axb4 Qa1+ 20. Kc2 Nxd1 21.
Qxd1 Qa6 22. Ne5 Rhf8 23. Kb1 Kb8 24. Qd2 Ne4 25. Qc2 Nd6 26. Rc1 Ka8 27. f3 f6
28. Nd3 Rfe8 29. Nc5 Qb6 30. Nxe6 Rd7 31. Qd2 Rde7 32. d5 Qa6 33. Bf4 Nf7 34.
dxc6 Rxe6 35. Bxe6 Rxe6 36. c7 Rc6 37. c8=Q+ Rxc8 38. Rxc8# 1-0

[Event "43. Olimpiada Batumi 2018 Femenina"]
[Site "Batumi GEO"]
[Date "2018.09.24"]
[Round "1.1"]
[White "Matras-Clement, Agnieszka"]
[Black "Mutesi, Phiona"]
[Result "1-0"]
[WhiteElo "2225"]
[BlackElo "1637"]
[PlyCount "63"]
[EventDate "2018.09.24"]
[EventType "team-swiss"]
[EventRounds "11"]
[EventCountry "GEO"]
[SourceTitle "Ajedrez en Madrid"]
[Source "lmi"]
[SourceDate "2018.09.24"]
[WhiteTeam "Canada"]
[BlackTeam "Uganda"]
[WhiteTeamCountry "CAN"]
[BlackTeamCountry "UGA"]

1. e4 e6 2. d4 d5 3. Nd2 Nf6 4. e5 Nfd7 5. Bd3 c5 6. c3 Nc6 7. Ne2 Be7 8. O-O
O-O 9. Nf3 f5 10. exf6 Nxf6 11. Nf4 cxd4 12. cxd4 Bd6 13. Re1 Re8 14. Ng5 Nxd4
15. Nxh7 Nc6 16. Nxf6+ Qxf6 17. Qh5 Rd8 18. Nxd5 Qd4 19. Bg6 Bxh2+ 20. Qxh2
Rxd5 21. Qh7+ Kf8 22. Qh8+ Ke7 23. Qe8+ Kd6 24. Qf8+ Kc7 25. Bf4+ e5 26. Qxg7+
Bd7 27. Bg3 Rd8 28. Be4 Rb5 29. Bxc6 Kxc6 30. Bxe5 Qh4 31. Qg6+ Kc5 32. Qd6+
1-0

[Event "43. Olimpiada Batumi 2018 Femenina"]
[Site "Batumi GEO"]
[Date "2018.09.24"]
[Round "1.2"]
[White "Namaganda, Christine"]
[Black "Zhou, Qiyu"]
[Result "0-1"]
[WhiteElo "1581"]
[BlackElo "2207"]
[PlyCount "64"]
[EventDate "2018.09.24"]
[EventType "team-swiss"]
[EventRounds "11"]
[EventCountry "GEO"]
[SourceTitle "Ajedrez en Madrid"]
[Source "lmi"]
[SourceDate "2018.09.24"]
[WhiteTeam "Uganda"]
[BlackTeam "Canada"]
[WhiteTeamCountry "UGA"]
[BlackTeamCountry "CAN"]

1. d4 Nf6 2. Bf4 e6 3. e3 c5 4. c3 Nc6 5. Bd3 d5 6. Nd2 Bd6 7. Bg3 O-O 8. Ngf3
b6 9. Bh4 Be7 10. O-O Bb7 11. a3 Rc8 12. Rc1 h6 13. Re1 Ne4 14. Bxe7 Nxe7 15.
Bb1 Nf5 16. Nxe4 dxe4 17. Nd2 Nd6 18. h3 Qe7 19. Qe2 Rfd8 20. Ba2 Rc7 21. Rf1
Bd5 22. c4 Bb7 23. dxc5 Rxc5 24. b4 Rg5 25. c5 Nf5 26. c6 Nh4 27. Nxe4 Rxg2+
28. Kh1 Qc7 29. Ng3 Bxc6 30. e4 Qxg3 31. fxg3 Rxe2 32. Rxc6 Rdd2 0-1

[Event "43. Olimpiada Batumi 2018 Femenina"]
[Site "Batumi GEO"]
[Date "2018.09.24"]
[Round "1.3"]
[White "Ouellet, Maili-Jade"]
[Black "Nakabo, Peninah"]
[Result "1-0"]
[WhiteElo "2144"]
[BlackElo "1581"]
[PlyCount "115"]
[EventDate "2018.09.24"]
[EventType "team-swiss"]
[EventRounds "11"]
[EventCountry "GEO"]
[SourceTitle "Ajedrez en Madrid"]
[Source "lmi"]
[SourceDate "2018.09.24"]
[WhiteTeam "Canada"]
[BlackTeam "Uganda"]
[WhiteTeamCountry "CAN"]
[BlackTeamCountry "UGA"]

1. d4 d5 2. c4 e6 3. Nc3 Be7 4. cxd5 exd5 5. Bf4 c6 6. e3 Nf6 7. Bd3 Bg4 8.
Nge2 Nbd7 9. Qc2 Rc8 10. Rc1 h6 11. O-O Nh5 12. Nxd5 O-O 13. Nxe7+ Qxe7 14. Bg3
Bxe2 15. Qxe2 Nxg3 16. hxg3 Nb6 17. Rfd1 Rcd8 18. Bb1 g6 19. e4 Rd7 20. Rd2
Rfd8 21. Rcd1 Qb4 22. a3 Qc4 23. Qe3 Kg7 24. Bc2 Qe6 25. Bb3 Qg4 26. a4 Re7 27.
Re1 Nd5 28. Qf3 Qxf3 29. gxf3 a5 30. Bxd5 Rxd5 31. Re3 Rd8 32. Kf1 Red7 33.
Red3 c5 34. d5 Kf6 35. f4 Ke7 36. e5 f5 37. Ke2 b6 38. Kd1 Rb8 39. Kc2 b5 40.
axb5 Rxb5 41. Rb3 Rb4 42. Rxb4 cxb4 43. Kb3 g5 44. fxg5 hxg5 45. Ka4 Ra7 46.
Kb5 b3 47. Kb6 Ra8 48. Kb7 Rf8 49. Kc7 f4 50. d6+ Ke6 51. d7 fxg3 52. fxg3 Kxe5
53. d8=Q Rxd8 54. Rxd8 Ke4 55. Ra8 Kf3 56. Rxa5 g4 57. Rb5 Kxg3 58. Rxb3+ 1-0

[Event "43. Olimpiada Batumi 2018 Femenina"]
[Site "Batumi GEO"]
[Date "2018.09.24"]
[Round "1.4"]
[White "Nansubuga, Gloria"]
[Black "Demchenko, Svitlana"]
[Result "1/2-1/2"]
[WhiteElo "1415"]
[BlackElo "2134"]
[PlyCount "164"]
[EventDate "2018.09.24"]
[EventType "team-swiss"]
[EventRounds "11"]
[EventCountry "GEO"]
[SourceTitle "Ajedrez en Madrid"]
[Source "lmi"]
[SourceDate "2018.09.24"]
[WhiteTeam "Uganda"]
[BlackTeam "Canada"]
[WhiteTeamCountry "UGA"]
[BlackTeamCountry "CAN"]

1. d4 Nf6 2. Bf4 d5 3. e3 e6 4. Nf3 Bd6 5. Bg5 Nbd7 6. c4 c6 7. c5 Be7 8. Nbd2
h6 9. Bf4 O-O 10. Bd3 b6 11. b4 a5 12. a3 Re8 13. O-O Nh5 14. Be5 Ba6 15. Bxa6
Rxa6 16. h3 Qa8 17. Bc7 Rc8 18. cxb6 Nxb6 19. Bxb6 Rxb6 20. Ne5 Nf6 21. bxa5
Qxa5 22. Ndc4 dxc4 23. Nxc4 Qa6 24. Nxb6 Qxb6 25. Qb1 Qa5 26. Qb7 Rc7 27. Qb8+
Kh7 28. Qb1+ g6 29. a4 Nd5 30. Qc2 c5 31. dxc5 Bxc5 32. Qb3 Nc3 33. Kh2 Bd6+
34. Kh1 Qe5 35. f4 Qxe3 36. Rf3 Qd2 37. a5 Ne2 38. Qe3 Qxe3 39. Rxe3 Nxf4 40.
a6 Ra7 41. Rb3 e5 42. Rb7 Rxb7 43. axb7 e4 44. Ra6 e3 45. Rxd6 e2 46. b8=Q
e1=Q+ 47. Kh2 Qf2 48. Qb7 Ne2 49. Rd1 Qf4+ 50. Kh1 Ng3+ 51. Kg1 Ne4 52. Qa7 Ng5
53. Qf2 Qxf2+ 54. Kxf2 Kg7 55. Rd4 Kf6 56. Rd6+ Kf5 57. Rd7 Ke6 58. Rd1 Ke5 59.
Ke3 f5 60. Rb1 f4+ 61. Ke2 f3+ 62. gxf3 Nxh3 63. Ke3 Nf4 64. Rb5+ Nd5+ 65. Kf2
h5 66. Kg3 g5 67. Rb8 Kf5 68. Rf8+ Nf6 69. Rc8 Nd7 70. Rc7 Ne5 71. Rc5 h4+ 72.
Kg2 Kf4 73. Rb5 Nd3 74. Rb3 Ne1+ 75. Kf2 h3 76. Rb4+ Kf5 77. Kg3 h2 78. Rb5+
Kf6 79. Kxh2 Nxf3+ 80. Kg3 Ne5 81. Rb6+ Kf5 82. Rb5 Kf6 1/2-1/2